000 00748nam a2200253Ia 4500
003 OSt
005 20220926004924.0
006 a|||||r|||| 00| 0
007 ta
008 220923b |||||||| |||| 00| 0 eng d
037 _cGeneral Book
040 _aRTL
_cRTL
_beng
041 _2eng
_aeng
082 _aXM:8.2.N9, N6
100 _aSingh Kartar Ed.
_9309493
245 0 _aCooperative management of natural resources
260 _a New Delhi
_bSage India
_c1996
300 _a271p.
_ccm.
490 _aInstitute Of Rural Management, Anand
650 _aCooperation
700 _a Ballabh Vishwa Ed.
_9309494
942 _hXM:8.2.N9, N6
_cGB
_2CC
999 _c612612
_d612612